000 00780cam a22002533a 4500
001 15380
003 PGUSA
005 20140828083329.0
008 050316s2005||||xxu|||||s|||||000 1 eng d
040 _aPGUSA
_beng
042 _adc
050 4 _aPR
100 1 _aJohnston, Harry Hamilton,
_cSir,
_d1858-1927
245 1 0 _aMrs. Warren's Daughter :
_bA Story of the Woman's Movement
_h[electronic resource] /
_cHarry Hamilton, Johnston
260 _bProject Gutenberg,
_c2005
506 _aPublic domain in the USA.
516 _aElectronic text
653 _aWomen's rights -- Fiction
653 _aFeminism -- Fiction
653 _aMothers and daughters -- Fiction
830 0 _aProject Gutenberg
_v15380
856 4 0 _uhttp://www.gutenberg.org/ebooks/15380
942 _cEB
999 _c244635
_d244635